Pengajaran permainan mudah untuk kanak-kanak

Bibliographic Details
Main Author: Ten Hong Beng, Helen
Format: Book
Published: Kuala Lumpur : Fajar Bakti , 1993
Subjects:

MARC

LEADER 00000cam a2200000 7i4500
001 0000003188
002 000003444
005 20000330.0
020 |a 9676521744 
090 0 0 |a 793.01922   |b TEN 
100 1 |a Ten Hong Beng, Helen 
245 1 0 |a Pengajaran permainan mudah untuk kanak-kanak   |c Helen Ten Hong Beng 
260 |a Kuala Lumpur :   |b Fajar Bakti ,   |c 1993 
300 |a 45p. :   |b ill ;   |c 26cm. 
650 0 0 |a Games 
999 |a 036786   |b BUKU   |c PINJAMAN   |e PERPUSTAKAAN KOMUNITI PETALING JAYA 
999 |a 044276   |b BUKU   |c PINJAMAN   |e PERPUSTAKAAN KOMUNITI PETALING JAYA 
999 |a 044277   |b BUKU   |c PINJAMAN   |e PERPUSTAKAAN KOMUNITI PETALING JAYA 
999 |a 044278   |b BUKU   |c PINJAMAN   |e PERPUSTAKAAN KOMUNITI PETALING JAYA